| 000 | 01104cad a22002775a 4500 | ||
|---|---|---|---|
| 001 | E153095 | ||
| 008 | 110607s2011 xxk f 000 0 eng d | ||
| 020 | _a9781842196472 | ||
| 035 | _a(Sirsi) u153095 | ||
| 041 | 0 | _aeng | |
| 050 | 0 | 4 | _a614.7 $2 18 |
| 110 | 2 |
_aRoyal Institution of Chartered Surveyors _94900 |
|
| 245 | 0 | 0 |
_aEnvironmental liabilities directive _bRICS information paper |
| 250 | _a2nd ed. | ||
| 260 |
_aCoventry _bRICS _c2011 |
||
| 300 |
_aiv, 31p. _c30cm. |
||
| 490 | 0 | _aRICS Information Paper | |
| 520 | _aARCHIVED 23/06/2014 | ||
| 520 | _aProvides useful information and illustrative case studies to help members ensure that their advice on the topic of environmental liability is up to date. | ||
| 590 | _aKA | ||
| 650 | 2 | 4 | _aENVIRONMENTAL DAMAGE (PREVENTION AND REMEDIATION) REGULATIONS 2009 |
| 651 | 4 | _aUnited Kingdom | |
| 690 |
_aEnvironment _96238 |
||
| 856 | 4 | 1 |
_uhttps://www.isurv.com/download/downloads/id/2742/archive_environmental_liabilities_directive_2nd_edition_march_2011%E2%80%93june_2018.pdf _zArchived on isurv (subscription required) |
| 942 |
_n0 _2ddc |
||
| 999 |
_c112372 _d112372 |
||